| 000 | 00563nam a22002057a 4500 | ||
|---|---|---|---|
| 005 | 20240506075753.0 | ||
| 008 | 240506b |||||||| |||| 00| 0 eng d | ||
| 020 | _a9789385756665 | ||
| 040 |
_aIN-DiNC _cIN-DiNC |
||
| 041 | _deng | ||
| 082 |
_a327 _bARA |
||
| 100 |
_aAran, Anand _eauthor |
||
| 245 |
_aPerspectives on International relations and world history/ _cby Anand Aran |
||
| 250 | _a1st ed. | ||
| 260 |
_aMeerut: _bBalaji publishers, _c2018. |
||
| 300 | _aviii, 308p. | ||
| 650 | _aInternational relations | ||
| 650 | _aCold war | ||
| 942 |
_2ddc _cBK |
||
| 999 |
_c11801 _d11801 |
||